000 01112cam a2200253 4500
001 J125623
008 040329n2003 000 0 eng u
035 _a(Sirsi) u125623
041 _aeng
050 _a346.41032
_c18
100 _aBirkby, Gillian
245 _aCollateral warranties
_bbriefing paper
260 _aLondon
_bRICS
_c2003
300 _a8p.
_c30cm.
490 _aRICS Briefing Paper
_vRef Confac/03/1
520 _aThis briefing paper looks at the reasons for, and alternatives to collateral warranties. It considers the clauses that are often found within such documents, and advises on points to watch when faced with a collateral warranty that is not one of the industry standard forms.
650 _aBUILT ENVIRONMENT-BUILDING CONTRACT FORMS-CONSTRUCTION COLLATERAL WARRANTY FORMS
650 _aBUILT ENVIRONMENT-BUILDING CONTRACT FORMS
650 _aCONTRACT LAW
690 _aBUILT ENVIRONMENT-BUILDING CONTRACT FORMS
710 _aRoyal Institution of Chartered Surveyors
_bConstruction Faculty
_94214
710 _aRoyal Institution of Chartered Surveyors
_94900
942 _n0
999 _c103445
_d103445